000 00446nam a2200181Ia 4500
001 8914
005 20260306160645.0
008 260306t1970||||xx |||||||||||||| ||spa||
041 _aESP
082 _a371.9144
_bF342
100 _aFichot, Anne-Marie,
_eAUT
245 0 _aLas dificultades en la escritura y su corrección
260 _c1970
300 _a78 páginas :
_c18 cm.
650 _aGEN
654 _aCED
942 _cLIB
_dJUS
_fJUS
_2ddc
_n
999 _c8914
_d8914